| 000 | 00983nam a2200265 a 4500 | ||
|---|---|---|---|
| 001 | BRCA_7767 | ||
| 005 | 20190320210002.0 | ||
| 008 | 130708s2011 caua#####e---#001-0#eng-d | ||
| 020 | _a9781452101675 | ||
| 041 | _aeng | ||
| 044 | _acau | ||
| 050 | 4 |
_aTL410 _b.E43 2011 |
|
| 100 | 1 |
_aEmbacher, Michael, _d1963- _919222 |
|
| 245 | 1 | 0 |
_aCyclepedia _ba century of iconic bicycle design _cMichael Embacher ; foreword by Paul Smith ; photographs by Bernhard Angerer ; contributions by Michael Embacher, Michael Zappe and Martin Strubreiter. |
| 260 |
_aSan Francisco _bChronicle Books _c2011 |
||
| 300 |
_a224 p. _bil. a color _c22 cm. |
||
| 500 | _aIncluye glosario e índice de bicicletas | ||
| 650 | 1 | 4 |
_aBicicletas _xDiseño y construcción _919223 |
| 650 | 1 | 4 |
_aBicicletas _xHistoria _919224 |
| 650 | 1 | 4 |
_aBicicletas _xObras pictóricas _919225 |
| 700 | 1 |
_aAngerer, Bernhard _eil. _919226 |
|
| 700 | 1 |
_aSmith, Paul _d1946- _919227 |
|
| 700 | 1 |
_aZappe, Michael _919228 |
|
| 942 |
_2lcc _cB |
||
| 999 |
_c7441 _d7441 |
||